000 00399nam a2200157Ia 4500
008 221030s9999 xx 000 0 und d
020 _a8120348219
041 _aEnglish
100 _aS. C. Das
245 0 _aCorporate Governance : Codes, Systems, Standards & Practices
_cby S. C. Das
250 _a2nd
260 _bPHI
_aNew Delhi
_c2013
300 _a386
650 _aManagement
942 _cBK
999 _c15963
_d15963